|
|
|
|
| LEADER |
00000nab a2200000 a 4500 |
| 001 |
vtls000930308 |
| 003 |
SK-MaSNL |
| 005 |
20260303033228.0 |
| 008 |
040720e20030502xo 0 slo |
| 035 |
|
|
|a KE39185
|
| 040 |
|
|
|a KEVKJB
|b slo
|c KEVKJB
|e AACR2
|
| 041 |
0 |
|
|a slo
|
| 044 |
|
|
|a xo
|c SK
|
| 080 |
|
|
|a 362.4
|2 1981
|
| 080 |
|
|
|a 929
|2 1981
|
| 100 |
1 |
|
|a Repovská, Jarmila,
|d 1964-
|4 aut
|9 93796
|
| 245 |
1 |
0 |
|a Po mesiacoch v kóme sa učí opäť žiť
|b Ťažká autonehoda vážne zasiahla do detstva Danky Macákovej, jej mama sa však s nepriazňou osude nezmierila
|
| 300 |
|
|
|b 3 foto
|
| 590 |
|
|
|a Macáková, Danka
|b ochrnuté dieťa
|
| 600 |
1 |
7 |
|a Macáková, Danka
|2 KEVKJB
|9 1016689
|
| 650 |
0 |
7 |
|a deti handicapované
|2 KEVKJB
|9 1016690
|
| 650 |
0 |
7 |
|a osudy životné
|2 KEVKJB
|9 873216
|
| 651 |
|
7 |
|a Košice (Slovensko)
|2 KEVKJB
|9 18694
|
| 651 |
|
7 |
|a KE,
|2 KEVKJB
|9 877256
|
| 655 |
|
7 |
|a periodikum
|2 snkbucl
|9 29553
|
| 773 |
0 |
8 |
|t Košický večer
|g Roč. 14
|g Roč. 35, 2.5.2003, s. 1
|
| 773 |
0 |
8 |
|i Príl.:
|t Magazín. - Roč. 8, č. 18 (2003)
|
| 852 |
|
|
|a ZVYKNI
|b KIS3GCP
|
| 999 |
|
|
|c 1669128
|d 1671058
|